Statistiken für Städte mit "B"

Klicken Sie hier um das Quiz zu spielen!

Allgemein

  • Dieses Quiz wurde 43 mal gespielt
    (22 seit der letzten Aktualisierung)
  • Das Durchschnittsergebnis liegt bei 26 aus 69

Antwortstatistiken

LandStadt% Korrekt
Schweiz 🇨🇭Bern
95%
Deutschland 🇩🇪Berlin
90%
Serbien 🇷🇸Belgrad
85%
Belgien 🇧🇪Brüssel
85%
Deutschland 🇩🇪Bonn
80%
USA 🇺🇸Boston
80%
Ungarn 🇭🇺Budapest
80%
Argentinien 🇦🇷Buenos Aires
80%
Rumänien 🇷🇴Bukarest
80%
Libanon 🇱🇧Beirut
75%
Brasilien 🇧🇷Brasilia
75%
Deutschland 🇩🇪Bremen
75%
Thailand 🇹🇭Bangkok
70%
Großbritannien 🇬🇧Birmingham
70%
Irak 🇮🇶Bagdad
65%
Aserbaidschan 🇦🇿Baku
65%
Spanien 🇪🇸Barcelona
65%
Slowakei 🇸🇰Bratislava
65%
Deutschland 🇩🇪Burg
65%
Schweiz 🇨🇭Basel
60%
Kolumbien 🇨🇴Bogota
60%
Irland 🇮🇪Belfast
55%
Deutschland 🇩🇪Bremerhaven
55%
Australien 🌏Brisbane
55%
Schweiz 🇨🇭Biel
50%
Deutschland 🇩🇪Bochum
50%
Frankreich 🇫🇷Bordeaux
50%
Belgien 🇧🇪Brügge
50%
Mali 🇲🇱Bamako
45%
Zentr. afrik. Rep.Bangui
40%
Deutschland 🇩🇪Bielefeld
40%
Kirgisistan 🇰🇬Bischkek
40%
Italien 🇮🇹Bologna
40%
Deutschland 🇩🇪Braunschweig
40%
Barbados 🇧🇧Bridgetown
40%
Spanien 🇪🇸Bilbao
35%
Polen 🇵🇱Breslau
35%
Südkorea 🇰🇷Busan
30%
Italien 🇮🇹Bari
25%
Deutschland 🇩🇪Brandenburg
25%
Frankreich 🇫🇷Brest
25%
Tschechien 🇨🇿Brünn
25%
Deutschland 🇩🇪Baden -Baden
20%
USA 🇺🇸Baltimore
20%
England 🏴󠁧󠁢󠁥󠁮󠁧󠁿Bath
20%
Deutschland 🇩🇪Bottrop
15%
Deutschland 🇩🇪Bad Homburg
10%
Deutschland 🇩🇪Bautzen
10%
Indien 🇮🇳Bengaluru
10%
Polen 🇵🇱Białystok
10%
Türkei 🇹🇷Bursa
10%
Indonesien 🇮🇩Bandung
5%
Irak 🇮🇶Basra
5%
Brasilien 🇧🇷Belem
5%
Deutschland 🇩🇪Bitterfeld
5%
Norwegen 🇳🇴Bodo
5%
Tschechien 🇨🇿Budweis
5%
Deutschland 🇩🇪Buxtehude
5%
China 🇨🇳Baotou
0%
Deutschland 🇩🇪Bebra
0%
Deutschland 🇩🇪Beelitz
0%
Frankreich 🇫🇷Belfort
0%
Deutschland 🇩🇪Bernburg
0%
Deutschland 🇩🇪Bischofswerda
0%
Italien 🇮🇹Bozen
0%
Polen 🇵🇱Braniewo
0%
Deutschland 🇩🇪Brühl
0%
Polen 🇵🇱Bydgoszcz
0%
Polen 🇵🇱Bytom
0%

Verteilung der Resultate

Perzentil nach korrekt beantworteten Fragen

Anzahl Personen mit jedem Resultat

Ihre Resultats-Entwicklung

Sie haben dieses Quiz seit der letzten Aktualisierung nicht gespielt